| 000 | 00459nam a22001937a 4500 | ||
|---|---|---|---|
| 003 | CEME | ||
| 005 | 20210628210200.0 | ||
| 008 | 210201b xxu||||| |||| 00| 0 eng d | ||
| 020 | _a969-35-1207-3 | ||
| 040 | _c. | ||
| 082 | _a891.4392 ISH | ||
| 100 |
_aAshfaq Ahmed _9651 |
||
| 245 | _aHasrat tameer | ||
| 260 |
_aLAHORE _bSANG-E-MEEL _c2001 |
||
| 300 | _a357P | ||
| 650 |
_aURDU ADAB-DRAMA _965638 |
||
| 700 |
_aTalqeen Shah _978404 |
||
| 942 |
_cBK _2ddc |
||
| 999 |
_c583530 _d583530 |
||